Guerriero E., Hans Urs von Balthasar, coll. Novecento teologico 18, Brescia, Morcelliana, 2006, 19x12, 280 p., 20 €. ISBN 88-372-2052-9 (notice n° 1621862)
[ vue normale ]
| 000 -LEADER | |
|---|---|
| fixed length control field | 01502cam a2200169 4500500 |
| 005 - DATE AND TIME OF LATEST TRANSACTION | |
| control field | 20260111091718.0 |
| 041 ## - LANGUAGE CODE | |
| Language code of text/sound track or separate title | fre |
| 042 ## - AUTHENTICATION CODE | |
| Authentication code | dc |
| 100 10 - MAIN ENTRY--PERSONAL NAME | |
| Personal name | Heller, Karin |
| Relator term | author |
| 245 00 - TITLE STATEMENT | |
| Title | Guerriero E., Hans Urs von Balthasar, coll. Novecento teologico 18, Brescia, Morcelliana, 2006, 19x12, 280 p., 20 €. ISBN 88-372-2052-9 |
| 260 ## - PUBLICATION, DISTRIBUTION, ETC. | |
| Date of publication, distribution, etc. | 2009.<br/> |
| 500 ## - GENERAL NOTE | |
| General note | 47 |
| 520 ## - SUMMARY, ETC. | |
| Summary, etc. | La formation sacerdotale doit non seulement promouvoir chez le candidat une familiarité avec la Bible, mais aussi lui apprendre à discerner la Parole de Dieu dans les Écritures, par une méthode analogue à celle des Exercices spirituels de saint Ignace (I). Par ailleurs, pareil discernement suppose l’engagement de la foi et le déploiement de la raison, capable de reconnaître la Parole de Dieu (II). Enfin, l’A. voit dans la doctrine des quatre sens la méthode rationnelle pour y parvenir. |
| 520 ## - SUMMARY, ETC. | |
| Summary, etc. | The priestly formation must aim at promoting in the candidate a familiarity with the Bible. It must also teach him to discern God’s Word in the Scriptures through a method akin to the ignatian method found in the Spiritual Exercises. Such a discernment which leads to recognise God’s Word relies both on faith and on reason... and usefully resorts to the four senses of Scripture. |
| 786 0# - DATA SOURCE ENTRY | |
| Note | Nouvelle revue théologique | 131 | 1 | 2009-01-02 | p. 134g-139g | 0029-4845 |
| 856 41 - ELECTRONIC LOCATION AND ACCESS | |
| Uniform Resource Identifier | <a href="https://shs.cairn.info/revue-nouvelle-revue-theologique-2009-1-page-134g?lang=fr&redirect-ssocas=7080">https://shs.cairn.info/revue-nouvelle-revue-theologique-2009-1-page-134g?lang=fr&redirect-ssocas=7080</a> |
Pas d'exemplaire disponible.




Réseaux sociaux